000 00334nam a2200133Ia 4500
008 240624s9999 xx 000 0 und d
041 _aeng
082 _a425 RAO
100 _aRAO A RAMA KRISHNA
245 _aENJOYING EVERYDAY ENGLISH
260 _c2010
_aHyderabad
_bSangam Books
300 _a166 : p. : cm. ; 26
365 _cRS
_b30
999 _c19736
_d19736